<?xml version="1.0" encoding="UTF-8"?>
<marc:record xmlns:marc="http://www.loc.gov/MARC21/slim">
   <marc:leader>00000nam a2200000 a 4500</marc:leader>
   <marc:datafield ind1="1" ind2=" " tag="100">
      <marc:subfield code="a">Holzer, Andi</marc:subfield>
      <marc:subfield code="4">aut</marc:subfield>
      <marc:subfield code="e">Verfasser/-in</marc:subfield>
   </marc:datafield>
   <marc:datafield ind1="0" ind2="0" tag="245">
      <marc:subfield code="a">Balanceakt</marc:subfield>
   </marc:datafield>
   <marc:datafield ind1="0" ind2="0" tag="245">
      <marc:subfield code="b">blind auf die Gipfel der Welt</marc:subfield>
   </marc:datafield>
   <marc:datafield ind1="0" ind2="0" tag="245">
      <marc:subfield code="c">Andi Holzer</marc:subfield>
   </marc:datafield>
   <marc:datafield ind1=" " ind2="1" tag="264">
      <marc:subfield code="a">München</marc:subfield>
      <marc:subfield code="b">Malik-Verl.</marc:subfield>
      <marc:subfield code="c">2012</marc:subfield>
   </marc:datafield>
   <marc:datafield ind1="1" ind2=" " tag="490">
      <marc:subfield code="a">National Geographic</marc:subfield>
   </marc:datafield>
   <marc:datafield ind1="1" ind2=" " tag="520">
      <marc:subfield code="a">Der Osttiroler Andy Holzer ist von Geburt an blind. Doch als er mit neun Jahren das erste Mal ein Gipfelkreuz berührt, ist der Traum vom Leben als Bergsteiger geweckt. Heute, 35 Jahre später, fühlt er sich in den steilsten Wänden der Welt sicherer als auf einem Wanderpfad. Als erster blinder Bergsteiger hat er sechs der Seven Summits, der höchsten Berge der sieben Kontinente, bestiegen. In der Wand orientiert er sich mit seinen Fingerspitzen, anhand des Klangs seiner Tritte und des Echos im Stein.</marc:subfield>
   </marc:datafield>
   <marc:datafield ind1=" " ind2=" " tag="020">
      <marc:subfield code="a">9783492404419</marc:subfield>
      <marc:subfield code="9">9783492404419</marc:subfield>
   </marc:datafield>
   <marc:datafield ind1=" " ind2=" " tag="020">
      <marc:subfield code="a">3492404413</marc:subfield>
      <marc:subfield code="9">3492404413</marc:subfield>
   </marc:datafield>
   <marc:datafield ind1=" " ind2=" " tag="300">
      <marc:subfield code="a">250 S. : Ill.</marc:subfield>
   </marc:datafield>
</marc:record>
